Una temporada en el infierno
Saved in:
| Hovedforfatter: | |
|---|---|
| Format: | Bog |
| Sprog: | spansk |
| Udgivet: |
Santiago
Tajamar Ediciones
2014
|
| Udgivelse: | 1a. ed |
| Serier: | Colección Edición Limitada
|
| Fag: | |
| Tags: |
Tilføj Tag
Ingen Tags, Vær først til at tagge denne postø!
|
MARC
| LEADER | 00000cam a2200000 a 4500 | ||
|---|---|---|---|
| 001 | UCC1139 | ||
| 003 | CL-VaPUC | ||
| 008 | 170929e20140900cl |||||||||||||||||spa|d | ||
| 020 | |a 9789569043512 | ||
| 082 | 0 | 4 | |a 841 |b RIM |2 21 |
| 100 | 0 | |a Rimbaud, Arthur |e author |9 595185 | |
| 245 | 1 | 4 | |a Una temporada en el infierno |
| 250 | |a 1a. ed | ||
| 300 | |a 77 p | ||
| 942 | |c BK | ||
| 945 | |d 20170929 13:43:00 |a arojas | ||
| 260 | |a Santiago |b Tajamar Ediciones |c 2014 | ||
| 650 | 0 | |a Poesías francesas |9 265467 | |
| 650 | 0 | |a Literatura francesa |9 266330 | |
| 650 | 7 | |a SIMBOLISMO EN LA LITERATURA |2 CL-VaPUC |9 268713 | |
| 583 | |a last modification |c 20170929 13:43:00 |k Rodrigo Vera | ||
| 490 | 0 | |a Colección Edición Limitada | |
| 999 | |c 369714 |d 369712 | ||
| 952 | |0 0 |1 0 |3 erb |4 0 |6 841_000000000000000_RIM_2014 |7 0 |8 A |9 485698 |a BIBART |b BIBART |i 5426553 |l 1 |m 2 |o 841 RIM 2014 |p 5426553 |r 2025-03-13 |s 2024-03-20 |w 2019-11-24 |y BK |z Catalogado en:20170929 |k ART | ||